000 00848nam a2200217Ii 4500
003 JO-AjNU
008 230605s9999||||xx |||||||||||||| ||und||
017 _a1990/175
040 _aJO-AjNU
_bara
_erda
_cJO-AjNU
041 _aara
050 1 4 _aDS227.K4856 1990
100 3 _aخضير، ضياء,
_eauthor
_97199
245 0 0 _aالسيف والجسد: قراءة في تكوين النظام الحاكم في نجد والحجاز
250 _aط1
264 3 1 _aبغداد: دار الشؤون الثقافية العامة، 1990
300 _a103ص
336 _atext
_btxt
_2rdacontent
337 _aunmediated
_bn
_2rdamedia
338 _avolume
_bnc
_2rdacarrier
650 4 _aنظام الحكم-السعودية، الحجاز(السعودية) سياسية وحكومة، الحجاز(السعودية) تاريخ القرن 14ه
_97200
999 _aA158
_c3726
_d3726